[Event "RUS-ch Rapid Men 2018"]
[Site "Sochi"]
[Date "2018.10.06"]
[Round "9"]
[White "Grachev, Boris"]
[Black "Kryakvin, Dmitry"]
[Result "1-0"]
[WhiteElo "2626"]
[BlackElo "2595"]
[Annotator "TA"]
[PlyCount "81"]
[EventDate "2018.10.05"]
[EventType "swiss"]
[EventCountry "RUS"]
[SourceTitle "playchess.com"]
[Source "ChessBase"]
[SourceQuality "1"]

{[%evp 9,81,16,18,14,40,32,35,31,53,46,50,52,70,80,77,75,98,59,72,72,106,102,134,134,133,116,116,124,115,114,106,73,103,61,119,102,106,102,109,98,129,123,162,131,131,106,107,43,50,60,60,0,7,8,7,7,6,7,4,6,44,32,33,29,29,37,33,45,330,321,682,440,1010,954]} 1. Nf3 d5 2. e3 Nf6 3. c4 dxc4 4. Bxc4 e6 5. b3 (5. O-O c5 6. b3 Nc6 7. Bb2 Be7 8. d4 cxd4 9. Nxd4 Nxd4 10. Qxd4 Qxd4 11. Bxd4 Bd7 12. Be2 Bc6 13. Nd2 O-O 14. Nc4 Bb5 15. Bf3 Nd5 {1-0 (59) Adhiban,B (2671)-Zubov,A (2606) Abu Dhabi 2016}) 5... a6 6. Bb2 {A09: Réti Opening: 1 Nf3 d5 2 c4} b5 7. Be2 Bb7 8. a4 {White is slightly better.} bxa4 $146 ({Predecessor:} 8... c5 9. axb5 Be7 10. Nc3 O-O 11. O-O Qb6 12. d4 Rd8 {1-0 (24) Delithanasis,D (2201)-Paouris,N (1909) Athens 2010}) 9. Rxa4 c5 10. O-O Nbd7 11. Na3 Nb6 12. Rh4 Be7 13. Nc4 Nxc4 14. Bxc4 h5 15. Rh3 Kf8 16. Ne5 Rh6 17. f4 {[#] Strongly threatening f5.} Bd5 18. f5 exf5 19. Rxf5 Bxc4 20. bxc4 {[%cal Rh3h5] Threatens to win with Rhxh5.} (20. Nxc4 {is interesting.} Qd3 21. Rf4 Kg8 22. e4 Qd7 23. d3) 20... Qc8 21. Rhf3 Rb8 (21... a5 $14) 22. Bc3 Kg8 23. Rf1 Rb6 24. d3 Qb7 25. e4 Rb3 26. Ba1 Ra3 27. h3 Ra2 28. R5f2 (28. Bc3 $16) 28... Rxf2 $14 29. Rxf2 Bd6 30. Nxf7 (30. Rf5 $14) 30... Qxf7 $11 ({Reject} 30... Kxf7 $6 31. e5 $16) 31. e5 Be7 32. Qf3 Qe6 33. exf6 Bxf6 34. Re2 Qf7 (34... Qd7 $5 {[%cal Rf6a1]} 35. Bxf6 Rxf6 36. Qxh5 Qd4+ 37. Kh2 Qd6+ 38. g3 a5 $14) 35. Qa8+ Kh7 36. Qe4+ Kg8 37. Rf2 $36 {[%mdl 2048] Black is under pressure.} Qe7 38. Qd5+ Kf8 $2 {[%mdl 8192]} (38... Kh8 $14 39. Bxf6 Rxf6 40. Qxh5+ Kg8 41. Qd5+ Kh7 42. Rxf6 gxf6) 39. Be5 $18 {[#] Hoping for Bd6.} Ke8 $2 (39... Qf7 40. Qxc5+ Kg8 41. Qc8+ Qf8 42. Qxa6 Qe8) 40. Re2 Rg6 (40... Bg5 $142 41. Rb2 Qe6 42. Rb8+ Kf7 43. Rb7+ Be7 44. Qxc5 Rg6) 41. Re4 {Precision: White = 54%, Black = 41%.} 1-0

[Event "RUS-ch Rapid Men 2018"]
[Site "Sochi"]
[Date "2018.10.06"]
[Round "9"]
[White "Alekseev, Evgeny"]
[Black "Maletin, Pavel"]
[Result "1/2-1/2"]
[WhiteElo "2620"]
[BlackElo "2586"]
[Annotator "TA"]
[PlyCount "44"]
[EventDate "2018.10.05"]
[EventType "swiss"]
[EventCountry "RUS"]
[SourceTitle "playchess.com"]
[Source "ChessBase"]
[SourceQuality "1"]

{[%evp 21,44,0,0,0,0,0,8,-19,30,21,76,65,95,24,45,39,55,32,52,32,37,10,22,16,37]} 1. c4 e5 2. d3 Nf6 3. Nf3 Nc6 4. Nc3 d5 5. cxd5 Nxd5 6. e3 Be7 7. Be2 O-O 8. O-O Be6 9. Bd2 f5 10. a3 {[%cal Ba2a3,Ba3a4][%mdl 32] A28: English Opening: Four Knights Variation} (10. Nxd5 Qxd5 11. Bc3 Rad8 12. Qc2 Kh8 13. a3 Bf6 14. b4 a6 15. Rac1 Qb3 16. Qxb3 Bxb3 17. e4 g6 18. Rfe1 Rfe8 19. Nd2 Ba4 20. g3 Kg8 21. exf5 gxf5 {½-½ (41) Morozevich,A (2750)-Gelfand,B (2758) Moscow 2009}) 10... Qe8 11. b4 {[%cal Bb2b4,Bb4b5][%mdl 32]} a6 {LiveBook: 5 Games} 12. Nxd5 Bxd5 13. Bc3 Qg6 14. g3 $146 ({Predecessor:} 14. Qc2 Rad8 15. Rac1 Rd7 {0-1 (15) Sobora,V (2239)-Jandek,S (2220) Czech Republic 1998}) 14... Bf6 15. a4 Rae8 (15... Rad8 $11 {remains equal.}) 16. b5 $16 Nd8 17. Nd2 (17. bxa6 $16 {Hoping for d4.} bxa6 18. d4) 17... Nf7 {[#]} 18. e4 $1 {[%mdl 512]} Be6 (18... fxe4 19. dxe4) 19. exf5 Bxf5 20. Ne4 Be7 21. Bf3 Rd8 22. Qe2 Kh8 {Precision: White = 38%, Black = 39%.} 1/2-1/2

[Event "RUS-ch Rapid Men 2018"]
[Site "Sochi"]
[Date "2018.10.06"]
[Round "9"]
[White "Antipov, Mikhail Al."]
[Black "Bocharov, Dmitry"]
[Result "0-1"]
[WhiteElo "2593"]
[BlackElo "2557"]
[Annotator "ChessBase"]
[PlyCount "92"]
[EventDate "2018.10.05"]
[EventType "swiss"]
[EventCountry "RUS"]
[SourceTitle "playchess.com"]
[Source "ChessBase"]
[SourceQuality "1"]
[TimeControl "900+10"]

1. e4 {[%emt 0:00:00]} c5 {[%emt 0:00:00]} 2. Nf3 {[%emt 0:00:00]} e6 {[%emt 0:00:00]} 3. b3 {[%emt 0:00:00]} b6 {[%emt 0:00:00]} 4. Bd3 {[%emt 0:00:00]} Bb7 {[%emt 0:00:00]} 5. O-O {[%emt 0:00:00]} Nf6 {[%emt 0:00:42]} 6. Re1 {[%emt 0:00:00]} Be7 {[%emt 0:00:02]} 7. Bb2 {[%emt 0:00:07]} d5 {[%emt 0:00:58]} 8. exd5 {[%emt 0:00:09]} Bxd5 {[%emt 0:00:50]} 9. Nc3 {[%emt 0:01:58]} Bb7 {[%emt 0:00:03]} 10. Ne4 {[%emt 0:00:29]} O-O {[%emt 0:00:51]} 11. Ne5 {[%emt 0:01:44]} Nc6 {[%emt 0:00:53]} 12. Nxc6 {[%emt 0:07:47]} Bxc6 {[%emt 0:00:14]} 13. Qf3 {[%emt 0:00:01]} Nxe4 {[%emt 0:02:37]} 14. Bxe4 {[%emt 0:00:17]} Bxe4 {[%emt 0:00:03]} 15. Qxe4 {[%emt 0:00:02]} Qxd2 {[%emt 0:02:51]} 16. Rad1 {[%emt 0:00:01]} Qg5 {[%emt 0:00:44]} 17. f4 {[%emt 0:03:19]} Qh4 {[%emt 0:01:46]} 18. g3 {[%emt 0:01:47]} Qh5 {[%emt 0:00:22]} 19. f5 {[%emt 0:00:02]} Rad8 {[%emt 0:00:28]} 20. Rxd8 {[%emt 0:00:10]} Rxd8 {[%emt 0:00:02]} 21. fxe6 {[%emt 0:00:01]} f6 {[%emt 0:00:34]} 22. Bc1 {[%emt 0:00:32]} h6 {[%emt 0:00:38]} 23. c4 {[%emt 0:00:11]} f5 {[%emt 0:01:11]} 24. Qc2 {[%emt 0:00:10]} Bf6 {[%emt 0:01:10]} 25. Kg2 {[%emt 0:00:07]} Kf8 {[%emt 0:01:20]} 26. Bb2 {[%emt 0:00:10]} Ke7 {[%emt 0:00:30]} 27. Bxf6+ {[%emt 0:00:11]} gxf6 {[%emt 0:00:01]} 28. b4 {[%emt 0:00:05]} Qg4 {[%emt 0:00:30]} 29. bxc5 {[%emt 0:00:08]} Qd4 {[%emt 0:00:12]} 30. Qxf5 {[%emt 0:00:16]} Qd2+ {[%emt 0:00:01]} 31. Kf1 {[%emt 0:00:07]} Qd3+ {[%emt 0:00:11]} 32. Qxd3 {[%emt 0:00:01]} Rxd3 {[%emt 0:00:01]} 33. cxb6 {[%emt 0:00:02]} axb6 {[%emt 0:00:01]} 34. Rb1 {[%emt 0:00:25]} Ra3 {[%emt 0:00:11]} 35. Rxb6 {[%emt 0:00:16]} Rxa2 {[%emt 0:00:02]} 36. h4 {[%emt 0:00:06]} Rc2 {[%emt 0:00:02]} 37. Rc6 {[%emt 0:00:03]} h5 {[%emt 0:00:08]} 38. g4 {[%emt 0:00:21]} hxg4 {[%emt 0:00:03]} 39. h5 {[%emt 0:00:00]} Rh2 {[%emt 0:00:07]} 40. Rc7+ {[%emt 0:00:14]} Kxe6 {[%emt 0:00:01]} 41. Rh7 {[%emt 0:00:01]} Kf5 {[%emt 0:00:37]} 42. h6 {[%emt 0:00:06]} Kf4 {[%emt 0:00:10]} 43. Rh8 {[%emt 0:00:30]} Kf3 {[%emt 0:00:28]} 44. Ke1 {[%emt 0:00:05]} g3 {[%emt 0:00:12]} 45. Ra8 {[%emt 0:00:14]} Rh1+ {[%emt 0:00:18]} 46. Kd2 {[%emt 0:00:00]} g2 {[%emt 0:00:01]} 0-1

[Event "RUS-ch Rapid Men 2018"]
[Site "Sochi"]
[Date "2018.10.06"]
[Round "9"]
[White "Timofeev, Artyom"]
[Black "Kezin, Roman"]
[Result "1-0"]
[WhiteElo "2580"]
[BlackElo "2471"]
[Annotator "ChessBase"]
[PlyCount "67"]
[EventDate "2018.10.05"]
[EventType "swiss"]
[EventCountry "RUS"]
[SourceTitle "playchess.com"]
[Source "ChessBase"]
[SourceQuality "1"]
[TimeControl "900+10"]

1. c4 {[%emt 0:00:00]} e6 {[%emt 0:00:00]} 2. Nc3 {[%emt 0:00:01]} d5 {[%emt 0:00:00]} 3. d4 {[%emt 0:00:02]} c6 {[%emt 0:00:00]} 4. Nf3 {[%emt 0:00:25]} Nf6 {[%emt 0:00:02]} 5. e3 {[%emt 0:00:03]} Nbd7 {[%emt 0:00:03]} 6. Be2 {[%emt 0:00:23]} dxc4 {[%emt 0:00:23]} 7. a4 {[%emt 0:00:04]} Bb4 {[%emt 0:00:03]} 8. Bxc4 {[%emt 0:00:19]} O-O {[%emt 0:00:04]} 9. O-O {[%emt 0:00:04]} Qe7 {[%emt 0:00:03]} 10. Qc2 {[%emt 0:01:08]} b6 {[%emt 0:04:25]} 11. e4 {[%emt 0:00:16]} e5 {[%emt 0:00:02]} 12. Bg5 {[%emt 0:00:15]} Bb7 {[%emt 0:00:21]} 13. Ne2 {[%emt 0:00:58]} exd4 {[%emt 0:02:23]} 14. Nexd4 {[%emt 0:00:03]} Qxe4 {[%emt 0:01:27]} 15. Bd3 {[%emt 0:00:02]} Qd5 {[%emt 0:00:01]} 16. Rad1 {[%emt 0:00:06]} h6 {[%emt 0:00:48]} 17. Bh4 {[%emt 0:00:04]} Qh5 {[%emt 0:01:40]} 18. Nf5 {[%emt 0:00:26]} c5 {[%emt 0:04:14]} 19. Ng3 {[%emt 0:00:08]} Qg4 {[%emt 0:00:02]} 20. Bf5 {[%emt 0:02:49]} Qf4 {[%emt 0:00:06]} 21. Ne2 {[%emt 0:00:02]} Qc7 {[%emt 0:00:30]} 22. Bg3 {[%emt 0:00:03]} Qc8 {[%emt 0:00:26]} 23. Ne5 {[%emt 0:00:23]} Rd8 {[%emt 0:01:24]} 24. Qb3 {[%emt 0:01:11]} Bd5 {[%emt 0:00:09]} 25. Rxd5 {[%emt 0:00:33]} Nxd5 {[%emt 0:00:04]} 26. Qxd5 {[%emt 0:01:55]} Nxe5 {[%emt 0:00:04]} 27. Qxe5 {[%emt 0:00:01]} Qa6 {[%emt 0:00:01]} 28. Nc3 {[%emt 0:00:02]} Re8 {[%emt 0:00:28]} 29. Qf4 {[%emt 0:00:28]} Rad8 {[%emt 0:00:12]} 30. Nb5 {[%emt 0:01:35]} Qxa4 {[%emt 0:00:16]} 31. Nd6 {[%emt 0:00:02]} Rf8 {[%emt 0:00:17]} 32. Bh4 {[%emt 0:00:37]} Rb8 {[%emt 0:00:10]} 33. Bf6 {[%emt 0:00:29]} gxf6 {[%emt 0:00:11]} 34. Qxh6 {[%emt 0:00:03]} 1-0

[Event "RUS-ch Rapid Men 2018"]
[Site "Sochi"]
[Date "2018.10.06"]
[Round "9"]
[White "Rozum, Ivan"]
[Black "Belyakov, Bogdan"]
[Result "1-0"]
[WhiteElo "2573"]
[BlackElo "2458"]
[Annotator "TA"]
[PlyCount "133"]
[EventDate "2018.10.05"]
[EventType "swiss"]
[EventCountry "RUS"]
[SourceTitle "playchess.com"]
[Source "ChessBase"]
[SourceQuality "1"]

{[%evp 13,133,21,51,66,54,40,67,56,65,57,63,42,45,41,59,59,60,16,52,54,63,40,80,60,133,105,332,237,216,147,143,62,138,120,133,120,370,77,141,72,39,38,47,53,57,8,112,8,197,214,226,202,321,236,241,234,344,0,0,0,92,0,0,0,91,0,0,0,75,0,252,233,217,118,82,0,0,0,0,0,0,-230,-227,-193,0,0,0,0,0,0,0,0,864,821,812,821,814,691,1740,1733,1502,1129,29959,29963,29939,5956,29971,29970,29968,29966,29973,29974,29970,29967,29979,29979,29989,29990,29997,29996,29998,29999]} 1. c4 Nf6 2. Nc3 g6 3. g3 Bg7 4. Bg2 c5 5. e3 O-O 6. Nge2 Nc6 7. O-O b6 {LiveBook: 3 Games. A36: Symmetrical English vs ...g6: 4 Bg2 Bg7} (7... d6 8. d4 Bd7 9. d5 Na5 10. b3 a6 11. Rb1 b5 12. Qd3 Rb8 13. Bd2 Qc7 14. Rfc1 bxc4 15. bxc4 Rb4 16. Nd1 Ra4 {0-1 (43) Hammer,J (2651)-Navara,D (2742) Novy Bor 2016}) 8. d4 Bb7 9. b3 d6 {White is slightly better.} 10. Bb2 a6 11. Qd2 Rb8 12. Rfd1 $146 ({Predecessor:} 12. Rad1 Qc7 13. Nf4 Rfe8 14. Ncd5 Qd8 15. dxc5 dxc5 {1-0 (37) Hukel,J-Faltan,P Slovakia 1999}) 12... Re8 13. Rac1 Ba8 14. Nd5 Nd7 15. h4 h5 16. Ndf4 $36 {[%mdl 2048] White has some pressure.} Nf6 17. Nh3 Qc7 18. Ng5 Rbd8 (18... cxd4 $14 19. exd4 e5) 19. Nf4 Nb4 $2 (19... cxd4 $16 20. exd4 e5) 20. Bxa8 Rxa8 21. a3 Nc6 22. Qc2 ({White should try} 22. d5 $16 Ne5 23. Qc2) 22... Qd7 (22... cxd4 $14 23. exd4 (23. Bxd4 Nxd4 24. Rxd4 Rac8 $14) 23... e5) 23. dxc5 bxc5 24. Bxf6 $1 Bxf6 $2 {[#]} (24... exf6 $16 25. Ne4 Qe7) 25. Ne4 $2 (25. Nxf7 $1 $18 {[%mdl 512] is the precise move to win.} Kxf7 26. Qxg6+ Kf8 27. Qh7 (27. Nxh5 Qe6 $16) (27. Qxh5 Ne5 $11)) 25... Qf5 (25... Bg7 $142) 26. Nxf6+ (26. Nd5 $142 $1 Bb2 27. Nxd6 (27. Qxb2 Qxe4 28. Nc7 Ne5 $11) 27... exd6 28. Qxb2) 26... Qxf6 $16 27. Nd5 Qf3 28. Nc7 Ne5 29. b4 cxb4 (29... Reb8 $1 $11 {keeps the balance.}) 30. axb4 (30. Nxa8 $6 Qxa8 31. axb4 Nf3+ 32. Kf1 Nh2+ 33. Ke1 Qg2 $14) ({White must play} 30. Nxe8 $16 Rxe8 31. axb4) 30... Qg4 $2 (30... Reb8 $11 {and Black is okay.}) 31. c5 $18 Nf3+ 32. Kf1 dxc5 (32... Ne5 $142 33. Nxa8 (33. Nxe8 Rxe8 34. f4 Nd7 $18) 33... Qh3+ 34. Ke2 Qg4+ 35. Kf1 Qh3+ 36. Ke2 Qg4+ 37. Kf1) 33. Nxe8 Rxe8 34. bxc5 e5 (34... Ne5 {might work better.} 35. f4 Nc6) 35. e4 $2 (35. Qc4 $18 e4 36. Qa4 (36. Qxa6 Qh3+ 37. Ke2 Qg4 $18)) 35... Qh3+ $11 36. Ke2 Qg4 (36... Nd4+ $11 37. Rxd4 exd4) 37. Kf1 Qh3+ 38. Ke2 Qg4 39. Kf1 Qh3+ 40. Ke2 Qg4 41. Ke3 (41. Qd3 $1 $16 {[%cal Rd3f3]} Rb8 42. Rb1 (42. Qxf3 $2 Rb2+ 43. Ke3 Rb3+ 44. Rd3 Rxd3+ 45. Kxd3 Qxf3+ $19) 42... Nd4+ 43. Kf1) 41... f5 $2 {[%mdl 8192]} (41... Nd4 $11 {and Black has nothing to worry.} 42. Rxd4 exd4+ 43. Kxd4 Qf3) 42. Qc4+ $1 $18 Kh8 {intending ...f4+.} 43. exf5 ({Worse is} 43. Qa4 Rc8 $11) (43. c6 $1 $18) 43... Nd4 $16 {[#]} 44. Kd2 (44. Rxd4 $1 $16 exd4+ 45. Kd2) 44... Qxf5 $11 {Strongly threatening ...Rb8.} 45. f4 Rb8 {Threatens to win with ...Qe4.} 46. c6 {Black must now prevent c7.} Qe4 47. c7 $2 (47. Rb1 $1 $11 Rxb1 48. Rxb1 Qxb1 49. c7 Qb2+ 50. Kd1 Qa1+ 51. Kd2 Qb2+ 52. Kd1 Qa1+ 53. Kd2 Qb2+) 47... Rb2+ $1 $19 48. Kc3 Rb3+ $2 ({Black should play} 48... Rc2+ $1 $19 49. Rxc2 Qxc2+ 50. Kb4 a5+ 51. Kc5 Ne6+ 52. Kb6 Qxc4 53. Rd8+ Kg7) 49. Qxb3 $1 $11 Qe3+ 50. Rd3 Qxc1+ {[%mdl 4096] Endgame KQR-KQN} 51. Kb4 {And now Rc3! would win.} Qxc7 52. Qd5 {[#]} Nc6+ $2 {[%mdl 8192] [#]} (52... a5+ $1 $11 {[%mdl 512]} 53. Ka4 (53. Qxa5 Nc6+) 53... Qc2+ 54. Kxa5 Qxd3 55. Qxe5+ Kg8 56. Qe8+ Kh7 57. Qe7+ Kh8 58. Qe8+ Kh7 59. Qf7+ Kh8 60. Qe8+ Kg7 61. Qe7+ Kg8 62. Qe8+ Kh7) 53. Ka4 $1 $18 Qb6 54. Rb3 Qd4+ 55. Qxd4 Nxd4 {KR-KN} 56. Rd3 Kg7 57. fxe5 {[%cal Bf4e5,Be5e6][%mdl 32]} Nf5 58. Rd7+ Kf8 59. e6 Nxg3 60. Kb4 {White mates.} Nf5 61. Kc5 Nxh4 62. Kd6 Nf5+ 63. Ke5 Ng7 64. Kf6 Ne8+ 65. Kxg6 h4 66. Rf7+ Kg8 67. e7 {Precision: White = 45%, Black = 23%.} 1-0

[Event "RUS-ch Rapid Men 2018"]
[Site "Sochi"]
[Date "2018.10.06"]
[Round "9"]
[White "Bocharov, Ivan"]
[Black "Demchenko, Anton"]
[Result "1-0"]
[WhiteElo "2563"]
[BlackElo "2679"]
[Annotator "TA"]
[PlyCount "189"]
[EventDate "2018.10.05"]
[EventType "swiss"]
[EventCountry "RUS"]
[SourceTitle "playchess.com"]
[Source "ChessBase"]
[SourceQuality "1"]

{[%evp 27,189,0,6,-5,0,-27,0,0,0,0,0,0,0,-11,0,0,0,0,0,3,22,0,28,0,0,-68,-58,-57,0,0,134,123,131,124,119,121,160,168,362,241,197,100,90,0,19,8,8,0,0,0,0,0,102,108,159,160,155,162,166,164,145,170,162,140,217,217,201,185,195,171,286,287,283,272,356,347,389,408,449,437,429,403,407,389,370,345,294,224,226,256,286,260,595,545,1076,1063,1045,1039,978,924,879,816,12836,12836,12829,1982,12837,12838,12838,12839,12839,12839,12840,12839,12841,12835,12836,12836,12837,12837,12841,12836,12837,12837,12837,12837,12836,12835,12835,12835,12836,12836,12837,12837,12837,12837,12837,12837,12837,12835,12841,12834,12839,12839,12840,12840,12841,12841,12841,12841,12842,12843,12844,12843,12843,12843,12844,12844,12846,12844,12845,12845,12845,12845]} 1. e4 c5 2. Nf3 d6 3. d4 cxd4 4. Nxd4 Nf6 5. Nc3 Nc6 6. f3 e5 7. Nb3 Be7 8. Be3 Be6 9. Nd5 Bxd5 10. exd5 Nb4 11. c4 {B56: Classical Sicilian: Unusual Lines} a5 12. a3 (12. Be2 Na6 13. Nd2 O-O 14. Nb1 Nd7 15. Qd2 f5 16. Nc3 Bh4+ 17. g3 f4 18. Bf2 Bg5 {½-½ (47) Caruana,F (2807)-Vachier Lagrave,M (2819) Saint Louis 2016 CBM 174 [Pavlovic,M]}) 12... Na6 13. Be2 O-O 14. O-O Nd7 {LiveBook: 3 Games} 15. Nd2 Bg5 16. Bf2 $146 ({Predecessor:} 16. Bxg5 Qxg5 17. Ne4 Qe3+ 18. Kh1 {0-1 (41) Moller,A (1843)-Jacobsen,F (2028) Helsingor 2016}) 16... Nac5 17. Ne4 Nxe4 18. fxe4 a4 19. Bd3 Qc7 20. Qh5 Bh6 21. Rad1 Nc5 {[%cal Bd7c5,Bc5b3,Bb3c1][%mdl 32]} 22. Bc2 Rfc8 23. Kh1 Qd7 24. Be1 Nb3 25. Bd3 (25. Bxb3 $5 axb3 26. Qe2 $11) 25... Nc1 26. Bc3 (26. Qf3 $11) 26... Nxd3 $15 27. Rxd3 {Black must now prevent Rg3.} Rxc4 (27... f6 $1 $15) 28. Rg3 $11 {Qxh6 is the strong threat.} Kh8 (28... Bf4 $1 $11 29. Rxf4 Rxc3 30. Rxg7+ Kxg7 31. Rg4+ Kh8 32. bxc3 Rg8 33. Rxg8+ Kxg8) 29. Rxf7 $16 Qe8 30. Rgf3 $1 Rxe4 31. g3 $1 {And now Qf5 would win.} Rc4 32. Qf5 {Rf8+ would kill now.} Qg8 $2 (32... Rcc8 {was worth a try.} 33. Rxb7 Qg8) 33. Qe6 Rd8 34. Qe7 ({White should try} 34. Bb4 $18) 34... Rcc8 35. Qxb7 ({Better is} 35. Kg2 $16) 35... Rf8 36. Qe7 {[%cal Rf7f8]} Rxf7 37. Rxf7 Re8 38. Qd7 Rd8 39. Qf5 $40 {[%mdl 128] aiming for Bb4. White attacks.} Qe8 (39... Ra8 $11 {keeps the balance.}) 40. Ba5 Ra8 ({Black should play} 40... Rc8) 41. Bc7 Kg8 42. Rd7 g6 43. Qe6+ Qxe6 44. dxe6 $18 {[%mdl 4096] Endgame KRB-KRB} Re8 45. Rxd6 e4 {[#]} (45... Kg7 $16) 46. Kg2 $1 Bg7 {[#]} 47. Rb6 $1 Bf8 48. Be5 Bc5 (48... Bg7 $142) 49. Rc6 Be3 50. Bc3 h5 51. Kf1 Kf8 52. Ke2 Bg5 53. Ra6 Bh6 54. Bf6 Bc1 55. Rc6 Bh6 56. Rd6 Kg8 57. e7 Kf7 58. Rd8 Bc1 59. h3 {[%cal Bh2h3,Bh3g4,Bg4g5][%mdl 32]} Bh6 $2 (59... h4 60. gxh4 Bf4) 60. g4 {White is clearly winning.} hxg4 61. hxg4 Bf4 62. g5 Bc1 63. Rd1 Bf4 64. Rd4 Bc1 65. Rxe4 Rb8 66. Rb4 (66. Kd3 $142 Rc8 67. Rd4) 66... Ra8 67. Rc4 Bxb2 68. Bxb2 Kxe7 {KRB-KR} 69. Rc6 Rb8 70. Bc3 Rb3 71. Bb4+ Kf7 72. Rf6+ Kg7 73. Rf3 Rb1 74. Kd3 Rg1 75. Bc3+ Kg8 76. Bf6 Rg4 77. Kc3 Kf7 78. Rd3 Ke6 79. Rd4 Rg3+ 80. Kb4 Rb3+ 81. Kxa4 Rb8 82. Rd8 Rb7 83. Rg8 Kd5 84. Rc8 Rb6 85. Ka5 Rb3 86. a4 {[%cal Ba3a4,Ba4a5,Ba5a6,Ba6a7][%mdl 32]} Kd6 87. Ka6 Kd7 88. Rc2 Rb8 89. a5 Ra8+ 90. Kb6 Rb8+ 91. Ka7 Rb5 92. a6 Rb3 93. Ka8 Rb4 94. a7 Rb5 95. Rb2 {Precision: White = 66%, Black = 45%.} 1-0

[Event "RUS-ch Rapid Men 2018"]
[Site "Sochi"]
[Date "2018.10.06"]
[Round "9"]
[White "Panarin, Mikhail"]
[Black "Tsoi, Dmitry"]
[Result "1/2-1/2"]
[WhiteElo "2562"]
[BlackElo "2429"]
[Annotator "ChessBase"]
[PlyCount "83"]
[EventDate "2018.10.05"]
[EventType "swiss"]
[EventCountry "RUS"]
[SourceTitle "playchess.com"]
[Source "ChessBase"]
[SourceQuality "1"]
[TimeControl "900+10"]

1. e4 {[%emt 0:00:00]} e5 {[%emt 0:00:00]} 2. Nf3 {[%emt 0:00:00]} d6 {[%emt 0:00:00]} 3. d4 {[%emt 0:00:00]} exd4 {[%emt 0:00:00]} 4. Nxd4 {[%emt 0:00:02]} Nf6 {[%emt 0:00:00]} 5. Nc3 {[%emt 0:00:01]} Be7 {[%emt 0:00:00]} 6. Nde2 {[%emt 0:00:10]} O-O {[%emt 0:00:10]} 7. g3 {[%emt 0:00:04]} c6 {[%emt 0:00:39]} 8. Bg2 {[%emt 0:00:28]} b5 {[%emt 0:00:02]} 9. Nxb5 {[%emt 0:01:00]} Bb7 {[%emt 0:02:45]} 10. Nbc3 {[%emt 0:00:04]} Nbd7 {[%emt 0:00:04]} 11. O-O {[%emt 0:00:08]} a5 {[%emt 0:00:04]} 12. Nd4 {[%emt 0:00:14]} Nc5 {[%emt 0:00:17]} 13. Nf5 {[%emt 0:01:05]} Re8 {[%emt 0:00:55]} 14. Bf4 {[%emt 0:00:20]} d5 {[%emt 0:00:40]} 15. exd5 {[%emt 0:02:24]} Nxd5 {[%emt 0:00:11]} 16. Nxd5 {[%emt 0:00:50]} cxd5 {[%emt 0:00:02]} 17. Nxe7+ {[%emt 0:03:36]} Qxe7 {[%emt 0:00:09]} 18. Re1 {[%emt 0:00:43]} Qf6 {[%emt 0:00:37]} 19. Rxe8+ {[%emt 0:01:08]} Rxe8 {[%emt 0:00:01]} 20. c3 {[%emt 0:00:00]} Ne4 {[%emt 0:00:37]} 21. Be3 {[%emt 0:00:05]} h6 {[%emt 0:00:07]} 22. Qd4 {[%emt 0:00:10]} Qxd4 {[%emt 0:00:56]} 23. Bxd4 {[%emt 0:00:03]} a4 {[%emt 0:00:03]} 24. Re1 {[%emt 0:00:17]} Rc8 {[%emt 0:00:18]} 25. f3 {[%emt 0:00:28]} Nd2 {[%emt 0:00:54]} 26. Re7 {[%emt 0:00:02]} Bc6 {[%emt 0:00:09]} 27. Re2 {[%emt 0:00:45]} Nc4 {[%emt 0:00:04]} 28. b3 {[%emt 0:00:04]} axb3 {[%emt 0:00:24]} 29. axb3 {[%emt 0:00:01]} Na5 {[%emt 0:00:02]} 30. Bh3 {[%emt 0:00:52]} Ra8 {[%emt 0:00:24]} 31. b4 {[%emt 0:00:01]} Nc4 {[%emt 0:00:02]} 32. Bf1 {[%emt 0:01:21]} Bb5 {[%emt 0:00:21]} 33. Rf2 {[%emt 0:01:01]} Nd6 {[%emt 0:00:32]} 34. Bc5 {[%emt 0:00:09]} Bxf1 {[%emt 0:00:02]} 35. Kxf1 {[%emt 0:01:28]} Nb5 {[%emt 0:00:08]} 36. Bd4 {[%emt 0:00:43]} Ra1+ {[%emt 0:00:45]} 37. Ke2 {[%emt 0:00:01]} Nxd4+ {[%emt 0:00:39]} 38. cxd4 {[%emt 0:00:02]} Rb1 {[%emt 0:00:02]} 39. Ke3 {[%emt 0:00:01]} Rb3+ {[%emt 0:02:42]} 40. Kf4 {[%emt 0:00:02]} f6 {[%emt 0:00:01]} 41. Ra2 {[%emt 0:00:48]} Rxb4 {[%emt 0:00:37]} 42. Ke3 {[%emt 0:00:42]} 1/2-1/2